Language Quiz

Random Language or Spanish Quiz

Spanish pronouns Quiz Stats

 Plays Quiz not verified by Sporcle

Score 0/15 Timer 05:00
0 Plays Today
Names Spanish Pronoun % Correct
Cristinaella
97.7%
La maestraella
97.7%
Gloriaella
97.7%
Sr. Thorp y yonosotros
90.8%
Javier,Vicente, y yonosotros
90.8%
Jesus,Juan,Carlos,y Manuelellos
90.1%
Yolanda y Jorgeellos
90.1%
Los ninosellos
90.1%
Names Spanish Pronoun % Correct
Reina y Gabrielaellas
81.7%
Tu y Doloresustedes
76.3%
Tu y Juanitoustedes
76.3%
Teresa y yo- girlsnosotras
71.8%
Ramonél
47.3%
El maestro de matematicasél
47.3%
Mi padreél
47.3%

You're not logged in!

Compare scores with friends on all Sporcle quizzes.
OR
Log In

Show Comments

Extras

Created Dec 14, 2010ReportNominate
Tags:Spanish Quiz, pronoun

Top Quizzes Today


Score Distribution

Your Account Isn't Verified!

In order to create a playlist on Sporcle, you need to verify the email address you used during registration. Go to your Sporcle Settings to finish the process.

Report this User

Report this user for behavior that violates our Community Guidelines.

Details: